000 00457nam a2200157 4500
001 110436
003 ES-MaACL
005 20230906185042.0
007 t|
008 061121s1980 sp r ||||1| val d
100 1 _aMolina y García, José.
_981969
245 1 0 _aCaragol dels llimbs
_b: poemes /
_cJosé Molina y García.
260 _aBenissa (Alicante) :
_bAyuntamiento,
_c1980.
300 _a43 h. ;
_c21 cm.
852 _aES-MaACL
_j2115-F-6
_bR.101036
999 _c110436
_d110436